000 00628nam a22002057a 4500
001 sjds
003 sjds
005 20240203131912.0
008 240203b |||||||| |||| 00| 0 spa d
020 _a9789930955949
040 _csjds
041 _aspa
100 1 _aChacon, Carla,
245 1 0 _aMis primeros valores con Jesus /
_cCarla Chacon, Holly Davidson y Sandra Davidson ; ilustradora, Holly Davidson.
260 _aSan Jose, Costa Rica :
_bAsociacion Proyecto Jesus para los ninos,
_c2016
300 _a1 vol.
700 1 0 _aDavidson, Holly
_eauthor
_eillustrator
700 1 0 _aDavidson, Sandra
_eauthor
942 _cBK
999 _c29064
_d29062